000
00251nam a2200109Ia 4500
008
190914s9999||||xx |||||||||||||| ||und||
100
_a
Pressman
245
0
_a
Software Engineering
260
_a
New York
_b
Addison
_c
1994
300
_a
450
942
_c
BK
999
_c
8944
_d
8944